MARC

LEADER 00000n m0a2200000 4500
001 220059
005 20231031195321.0
010 |a 0805306056 
035 |a (RuTPU)RU\TPU\book\240170 
090 |a 220059 
100 |a 20120809d1987 km y0engy50 ba 
101 0 |a eng 
102 |a US 
105 |a y z 000zy 
200 1 |a Instructors Guide to Accompany Software Engineering with Ada  |f G. Booch 
205 |a 2nd ed. 
210 |a California  |d 1987 
215 |a 47 p. 
610 1 |a вычислительная техника 
610 1 |a программирование 
610 1 |a нечеткое программирование 
610 1 |a языки программирования 
610 1 |a Ada 
610 1 |a применение 
610 1 |a английский язык 
675 |a 681.3.06  |v 3 
700 1 |a Booch  |b G.  |g Grady 
801 1 |a RU  |b 63413507  |c 20120809 
801 2 |a RU  |b 63413507  |c 20121101  |g RCR 
942 |c BK